Earthquake engineering handbook / (Record no. 541432)
[ view plain ]
| 000 -LEADER | |
|---|---|
| fixed length control field | 00792cam a22002054a 4500 |
| 020 ## - INTERNATIONAL STANDARD BOOK NUMBER | |
| International Standard Book Number | 0849300681 (alk. paper) |
| 082 00 - DEWEY DECIMAL CLASSIFICATION NUMBER | |
| Classification number | 624.1762 |
| Author Mark | CHE |
| -- | N-02 , P-70 |
| 100 ## - MAIN ENTRY--PERSONAL NAME | |
| Personal name | Chen, Wai-Fah. editor |
| 9 (RLIN) | 36296 |
| 245 00 - TITLE STATEMENT | |
| Title | Earthquake engineering handbook / |
| Statement of responsibility, etc. | edited by Wai-Fah Chen, Charles Scawthorn. |
| 260 ## - PUBLICATION, DISTRIBUTION, ETC. | |
| Place of publication, distribution, etc. | Boca Raton, FL : |
| Name of publisher, distributor, etc. | CRC Press, |
| Date of publication, distribution, etc. | c2003. |
| 300 ## - PHYSICAL DESCRIPTION | |
| Extent | 1 v. (in various pagings) : |
| Other physical details | ill. ; |
| Dimensions | 26 cm. |
| 526 ## - STUDY PROGRAM INFORMATION NOTE | |
| Program name | 0 |
| Interest level | 0 |
| Reading level | 0 |
| Title point value | 624_176200000000000_CHE |
| 526 ## - STUDY PROGRAM INFORMATION NOTE | |
| Program name | 0 |
| Interest level | 0 |
| Reading level | 0 |
| Title point value | 624_176200000000000_CHE |
| 650 #0 - SUBJECT ADDED ENTRY--TOPICAL TERM | |
| Topical term or geographic name entry element | Earthquake engineering |
| Topical term following geographic name entry element | NUST |
| 9 (RLIN) | 36297 |
| 700 1# - ADDED ENTRY--PERSONAL NAME | |
| Personal name | Chen, Wai-Fah, |
| 9 (RLIN) | 36298 |
| 700 1# - ADDED ENTRY--PERSONAL NAME | |
| Personal name | Scawthorn, Charles. |
| 9 (RLIN) | 36299 |
| 856 42 - ELECTRONIC LOCATION AND ACCESS | |
| Uniform Resource Identifier | <a href="http://www.e-streams.com/es0610/es0610_2779.html">http://www.e-streams.com/es0610/es0610_2779.html</a> |
| 856 42 - ELECTRONIC LOCATION AND ACCESS | |
| Uniform Resource Identifier | <a href="http://www.loc.gov/catdir/enhancements/fy0646/2002073647-d.html">http://www.loc.gov/catdir/enhancements/fy0646/2002073647-d.html</a> |
| 942 ## - ADDED ENTRY ELEMENTS (KOHA) | |
| Source of classification or shelving scheme | |
| Koha item type | Book |
| Withdrawn status | Lost status | Source of classification or shelving scheme | Damaged status | Not for loan | Permanent Location | Current Location | Date acquired | Total Checkouts | Full call number | Barcode | Date last seen | Price effective from | Koha item type | Cost, normal purchase price | Copy number | Public note |
|---|---|---|---|---|---|---|---|---|---|---|---|---|---|---|---|---|
| Military College of Engineering (MCE) | Military College of Engineering (MCE) | 11/17/2014 | 624.1762 CHE | MCE-36457 | 11/17/2014 | 11/17/2014 | Book | |||||||||
| Military College of Engineering (MCE) | Military College of Engineering (MCE) | 07/18/2013 | 624.1762 CHE | MCE-47938 | 07/18/2013 | 07/18/2013 | Book | 25436.00 | 01 | Original Book |
